000 00647nam a22002177a 4500
003 UA-OsUOA
001 64111
007 ta
008 20091029b un ||||| |||| 00| 0 ukr d
090 _a94(4)
_bЗ-69
942 _cBK
040 _aUA-OsUOA
_bukr
_cUA-OsUOA
_dUA-OsUOA
245 _aЗміцнення антигітлерівської коаліції. Розвал фашистського блоку
_bЗбірник документів
300 _a224 с.
955 _a2
041 _aukr
080 _a94(4)
260 _aК.
_c1946
650 7 _a9 Географія. Біографії. Історія
_2UDC
999 _c350389
_d350389